Československo a Blízký východ v letech 1948-1989

Bibliographic Details
Main Authors: Zídek, Petr, 1971- (Author), Sieber, Karel, 1978- (Author)
Format: Book
Language:Czech
PhysicalDescription:394 s. 21 cm
Published: Praha Ústav mezinárodních vztahů 2009
ISBN:9788086506760
Subjects:

MARC

LEADER 00000cam a2200000 a 4500
001 vtls009516926
003 SK-MaSNL
005 20260301171304.0
008 240318s2009 xr n 001 0 cze
015 |a SNBZSA2011-00342 
020 |a 9788086506760  |q (brož.) 
035 |a 6010AF0B-4988-49EB-84CD-FFAE1C0EB9EC 
035 |a urn:nbn:sk:snk-amldpt 
035 |a urn:nbn:sk:snk-am008zuw 
040 |a SNK  |b slo  |c SNK  |e AACR2 
041 0 |a cze  |b eng 
043 |a aw-----  |a e-cs--- 
044 |a xr  |c CZ 
072 7 |a 327  |x Medzinárodné vzťahy, svetová politika  |2 konspekt 
080 |a 327  |x (437:5-15)  |2 2001 
080 |a 327.54  |2 2001 
080 |a (437)  |2 2001 
080 |a (5-15)  |2 2001 
080 |a (048.8)  |2 2001 
100 1 |a Zídek, Petr,  |d 1971-  |4 aut  |9 102440 
245 1 0 |a Československo a Blízký východ v letech 1948-1989  |c Petr Zídek, Karel Sieber 
260 |a Praha  |b Ústav mezinárodních vztahů  |c 2009 
300 |a 394 s.  |c 21 cm 
504 |a Bibliogr. odkazy. Reg. 
546 |a Res. angl. 
648 7 |a 1948-1989  |2 SNKPH  |9 302537 
650 0 7 |a medzinárodné vzťahy  |2 SNKPH  |9 3690 
650 0 7 |a zahraničná politika  |z Česko-Slovensko  |y 1948-1989  |2 SNKPH  |9 538738 
650 0 7 |a studená vojna (1945-1989)  |2 SNKPH  |9 4805 
651 7 |a Československo  |x zahraničné vzťahy  |2 SNKPHgeo  |9 319306 
651 7 |a Blízky východ  |2 SNKPHgeo  |9 60147 
655 7 |a štúdie  |2 SNKPH  |9 57033 
700 1 |a Sieber, Karel,  |d 1978-  |4 aut  |9 538739 
919 |a 978-80-86506-76-0 
958 |a ZS 
958 |a NB 
958 |a OND 
999 |c 830376  |d 832306 
952 |a SNK  |b SNK  |y VYP  |7 0  |p 17A0717622  |o snkSC 140398 D1  |i snk2011/18913  |8 4  |g 9.50  |0 0  |1 0  |4 0  |d 2011-07-28  |f 1  |l 0  |r 2026-02-24 03:36:00  |w 2026-02-24 
952 |a SNK  |b SNK  |y PREZ  |7 0  |p 17A0659595  |o snkSC 140398  |i snk2010/10577  |8 4  |g 9.09  |0 0  |1 0  |4 0  |d 2009-11-30  |l 0  |r 2025-07-08 00:00:00  |w 2026-02-24